<?xml version="1.0" encoding="UTF-8"?><?xml-stylesheet type="text/xsl" href="static/style.xsl"?><OAI-PMH xmlns="http://www.openarchives.org/OAI/2.0/" xmlns:xsi="http://www.w3.org/2001/XMLSchema-instance" xsi:schemaLocation="http://www.openarchives.org/OAI/2.0/ http://www.openarchives.org/OAI/2.0/OAI-PMH.xsd"><responseDate>2026-06-01T04:32:46Z</responseDate><request verb="GetRecord" identifier="oai:riuma.uma.es:10630/30770" metadataPrefix="marc">https://riuma.uma.es/rest/oai/request</request><GetRecord><record><header><identifier>oai:riuma.uma.es:10630/30770</identifier><datestamp>2026-02-03T12:16:50Z</datestamp><setSpec>com_10630_2254</setSpec><setSpec>col_10630_37959</setSpec></header><metadata><record xmlns="http://www.loc.gov/MARC21/slim" xmlns:dcterms="http://purl.org/dc/terms/" xmlns:doc="http://www.lyncode.com/xoai" xmlns:xsi="http://www.w3.org/2001/XMLSchema-instance" xsi:schemaLocation="http://www.loc.gov/MARC21/slim http://www.loc.gov/standards/marcxml/schema/MARC21slim.xsd">
   <leader>00925njm 22002777a 4500</leader>
   <datafield ind2=" " ind1=" " tag="042">
      <subfield code="a">dc</subfield>
   </datafield>
   <datafield ind2=" " ind1=" " tag="720">
      <subfield code="a">Baldi, Vania</subfield>
      <subfield code="e">author</subfield>
   </datafield>
   <datafield ind2=" " ind1=" " tag="720">
      <subfield code="a">Ballesteros-Aguayo, Lucía</subfield>
      <subfield code="e">author</subfield>
   </datafield>
   <datafield ind2=" " ind1=" " tag="260">
      <subfield code="c">2024</subfield>
   </datafield>
   <datafield ind2=" " ind1=" " tag="520">
      <subfield code="a">Esta investigación realiza un abordaje trasnacional entre Portugal y España para, en primer lugar, facilitar un diagnóstico respecto a la situación actual de la desinformación en el entorno ibérico a partir de los resultados del proyecto europeo IBERIFIER. Iberian Media Research &amp; Fact-Checking; y, en segundo lugar, identificar soluciones al flujo desinformativo basadas en iniciativas de fact-checking, programas de alfabetización digital y buenas prácticas.&#xd;
Mediante la revisión de la literatura científica y adoptando un método crítico, los resultados subrayan las principales características del ecosistema ibérico en relación con los medios digitales para abordar la problemática de la desinformación, así como la existencia de estrategias de negocio por parte de los proveedores de contenidos, impulsadas por los dispositivos digitales, para satisfacer las constantes necesidades de información de los consumidores.&#xd;
Las conclusiones del estudio apuntan a la alfabetización mediática, la verificación de hechos, la autorregulación y la supervisión de los algoritmos como las soluciones a la amenaza que plantea la desinformación.</subfield>
   </datafield>
   <datafield ind1="8" ind2=" " tag="024">
      <subfield code="a">https://hdl.handle.net/10630/30770</subfield>
   </datafield>
   <datafield tag="653" ind2=" " ind1=" ">
      <subfield code="a">Información - Aspectos sociales</subfield>
   </datafield>
   <datafield tag="653" ind2=" " ind1=" ">
      <subfield code="a">Alfabetización informacional</subfield>
   </datafield>
   <datafield ind2="0" ind1="0" tag="245">
      <subfield code="a">Bulos, IA y fact-checking en Portugal y en España: alfabetización mediática como antídoto contra la posverdad.</subfield>
   </datafield>
</record>
</metadata></record></GetRecord></OAI-PMH>